000 00507 a2200181 4500
999 _c41495
_d41495
003 OSt
005 20220723132446.0
008 220723b ||||| |||| 00| 0 eng d
020 _a9789353162344
040 _coclc
082 _a005.133
_bBAL/P
100 _93962
_aBalagurusamy, E
245 _aProgramming with JAVA /
_cE Balagurusamy
250 _a6th ed.
260 _aIndia:
_bMc Graw Hill,
_c2022.
300 _a586 pages
942 _2ddc
_cBK
_h005.133
_iBAL/P
_k005.133
_mBAL/P